Risultati Serie A 2023-2024 - 3ª giornata - Statistics

Statistiche generali
  • Questo quiz è stato fatto 9 volte
  • Il punteggio medio è 5 su 10
Statistiche sulle risposte
Hint Risposta % Corretto
Udinese-Frosinone 0-0
75%
Napoli-Lazio 1-2
75%
Roma-Milan 1-2
75%
Inter-Fiorentina 4-0
75%
Empoli-Juventus 0-2
63%
Bologna-Cagliari 2-1
63%
Torino-Genoa 1-0
38%
Atalanta-Monza 3-0
38%
Sassuolo-Verona 3-1
13%
Lecce-Salernitana 2-0
0%
Nessun quiz corrispondente trovato
Distribuzione punteggi
Percentuale di utenti per punteggio
Percentile per numero di risposta
I tuoi punteggi nel tempo
Non hai fatto questo quiz